Southville International School and Colleges
Your cart is empty.
  • Cart
  • Lists
    Public lists Eva Luna New books Lux_list list_1
    Your lists Log in to create your own lists
  • Log in to your account
  • Your cookies
  • Search history
Southville International School and Colleges
  • Advanced search
  • Recent comments
  • Most popular
  • Libraries

Log in to your account

Log in with GOOGLE


If you do not have an external account, but do have a local account, you can still log in:

  1. Home
  2. MARC view: International marketing management text and cases. /
Normal view MARC view ISBD view

International marketing management text and cases. / (Record no. 23465)

[ view plain ]
MARC details
000 -LEADER
fixed length control field 00671nam a2200229 a 4500
005 - DATE AND TIME OF LATEST TRANSACTION
control field 20140310183452.0
008 - FIXED-LENGTH DATA ELEMENTS--GENERAL INFORMATION
fixed length control field 090310s19uu xx 00 eng d
020 ## - INTERNATIONAL STANDARD BOOK NUMBER
International Standard Book Number 9780761936404
050 ## - LIBRARY OF CONGRESS CALL NUMBER
Classification number HF 1416
Item number .M32 2008
100 ## - MAIN ENTRY--PERSONAL NAME
Personal name Mathur, U.C.
245 ## - TITLE STATEMENT
Title International marketing management text and cases. /
260 ## - PUBLICATION, DISTRIBUTION, ETC. (IMPRINT)
Place of publication, distribution, etc Los Angeles :
Name of publisher, distributor, etc Sage Publishing,
Date of publication, distribution, etc 2008.
300 ## - PHYSICAL DESCRIPTION
Extent 583 p. :
Other physical details ill. ;
Dimensions 26 cm.
521 ## - TARGET AUDIENCE NOTE
Target audience note
650 ## - SUBJECT ADDED ENTRY--TOPICAL TERM
Topical term or geographic name as entry element BSBA.
650 ## - SUBJECT ADDED ENTRY--TOPICAL TERM
Topical term or geographic name as entry element Export marketing
General subdivision Management.
650 ## - SUBJECT ADDED ENTRY--TOPICAL TERM
Topical term or geographic name as entry element Export marketing
General subdivision India
-- Management.
650 ## - SUBJECT ADDED ENTRY--TOPICAL TERM
Topical term or geographic name as entry element International trade.
650 ## - SUBJECT ADDED ENTRY--TOPICAL TERM
Topical term or geographic name as entry element International trade
General subdivision India.
942 ## - ADDED ENTRY ELEMENTS (KOHA)
Koha item type Books
Source of classification or shelving scheme Library of Congress Classification
Call number prefix Foreign
Holdings
Withdrawn status Lost status Source of classification or shelving scheme Damaged status Home library Current library Shelving location Date acquired Source of acquisition Total Checkouts Total Renewals Full call number Barcode Date last seen Date checked out Copy number Price effective from Koha item type
    Library of Congress Classification   College Library College Library General Circulation Section 01/18/2014 Donation 1 19 HF 1416 .M32 2008 C10248 05/15/2018 11/06/2015 1 01/18/2014 Books

International marketing management text and cases. /

APA

Mathur U., . (2008). International marketing management text and cases. Los Angeles: Sage Publishing.

Chicago

Mathur U.C, . 2008. International marketing management text and cases. Los Angeles: Sage Publishing.

Harvard

Mathur U., . (2008). International marketing management text and cases. Los Angeles: Sage Publishing.

MLA

Mathur U.C, . International marketing management text and cases. Los Angeles: Sage Publishing. 2008.

  • Place hold
  • Print
  • Cite
  • Add to your cart (remove)
  • Save record
    BIBTEX Dublin Core MARCXML MARC (non-Unicode/MARC-8) MARC (Unicode/UTF-8) MARC (Unicode/UTF-8, Standard) MODS (XML) RIS
  • More searches
    Search for this title in:
    Other Libraries (WorldCat) Other Databases (Google Scholar) Online Stores (Bookfinder.com) Open Library (openlibrary.org)

Exporting to Dublin Core...

SOUTHVILLE LIBRARY

Southville International School and Colleges Library

1281 Tropical Ave. Cor. Luxembourg St., BF Homes International, Las Pinas City

Tel. No. 8256374 / 252358 Loc. 117/146

Powered by Koha